MARC details
| 000 -LÍDER |
| campo de controle de tamanho fixo |
01912nam a2200349 4500 |
| 001 - NÚMERO DE CONTROLE |
| campo de controle |
331 |
| 003 - IDENTIFICADOR DO NÚMERO DE CONTROLE |
| campo de controle |
OSt |
| 005 - DATA E HORÁRIO DA ÚLTIMA TRANSAÇÃO |
| campo de controle |
20250528074018.0 |
| 008 - CAMPO DE DADOS FIXOS--INFORMAÇÃO GERAL |
| campo de controle de tamanho fixo |
250327b |||||||j |||| 00| 1 eng d |
| 020 ## - ISBN - INTERNATIONAL STANDARD BOOK NUMBER |
| ISBN - International Standard Book Number |
9788539513253 |
| 040 ## - FONTE DA CATALOGAÇÃO |
| Idioma da catalogação |
Por |
| 041 ## - CÓDIGO DE IDIOMA |
| Código do idioma do original e/ou traduções intermediárias do texto |
eng |
| Código do idioma do texto/trilha sonora ou título diferente |
por |
| 082 ## - CDD - CLASSIFICAÇÃO DECIMAL DE DEWEY |
| Número de Classificação |
028.5 |
| Número do exemplar |
S879c |
| 100 ## - ENTRADA PRINCIPAL--NOME PESSOAL |
| Nome pessoal |
Stone, Rex |
| 9 (RLIN) |
494 |
| 240 ## - TÍTULO UNIFORME |
| Título uniforme |
Dinosaur Cove: Filght of the Winged Serpent |
| 245 ## - TÍTULO |
| Título |
A Caverna dos Dinossauros |
| Restante do título |
O voo da serpente alada / |
| Indicação de responsabilidade, etc. |
Stone, Rex ; tradução de Barbara Sampaio Vieira Duarte e ilustração de Mike Spoor |
| 260 ## - PUBLICAÇÃO, DISTRIBUIÇÃO, ETC. |
| Local de publicação, distribuição, etc. |
São Paulo |
| Nome do editor, distribuidor, etc. |
Fundamento |
| Data da publicação, distribuição, etc. |
2015 |
| 300 ## - DESCRIÇÃO FÍSICA |
| Extensão |
56 p. |
| Outros detalhes físicos |
il. |
| 490 1# - TÍTULO DA SÉRIE |
| Título da série |
A Caverna dos Dinossauros |
| Número do volume ou designação sequencial da série |
Livro 4 |
| 520 ## - NOTA DE RESUMO, ETC. |
| Resumo, etc. |
Durante a construção de uma maquete para o novo Museu dos Dinossauros, Jamie descobre um fato raro. O pai dele, um grande especialista em dinossauros, tem uma dúvida sobre um animal pré-histórico!<br/><br/>E Jamie sabe exatamente onde encontrar a resposta para essa dúvida.<br/><br/>Assim, ele e Tom, seu amigo, partem para o Mundo dos Dinossauros. A missão dos dois é encontrar o quetzalcoatlus, um imenso dinossauro alado, e descobrir onde essa espécie de nome bem complicado constrói seus ninhos.<br/><br/>Com a ajuda do Descobridor de Fósseis, eles logo encontram o dino voador. Mas nada é tão simples no Mundo dos Dinossauros...<br/><br/>O quetzalcoatlus captura Wanna, o dinossauro amigo dos garotos, e o leva para o ninho cheio de filhotes. Será que Wanna vai virar refeição de pequenas serpentes aladas? Bem, só lendo para saber...<br/> |
| 650 #0 - ASSUNTO--TERMO TÓPICO |
| Cabeçalho tópico ou nome geográfico |
Literatura Americana |
| 9 (RLIN) |
84 |
| 650 #0 - ASSUNTO--TERMO TÓPICO |
| Cabeçalho tópico ou nome geográfico |
Infantojuvenil |
| 9 (RLIN) |
200 |
| 650 #0 - ASSUNTO--TERMO TÓPICO |
| Cabeçalho tópico ou nome geográfico |
Dinossauros |
| 9 (RLIN) |
495 |
| 650 #0 - ASSUNTO--TERMO TÓPICO |
| Cabeçalho tópico ou nome geográfico |
Aventura |
| 9 (RLIN) |
47 |
| 650 #0 - ASSUNTO--TERMO TÓPICO |
| Cabeçalho tópico ou nome geográfico |
Grandes Amizades |
| 9 (RLIN) |
28 |
| 655 #0 - TERMO DE ÍNDICE--GÊNERO E FORMA |
| Gênero/forma/ou termo foco |
Romance |
| 655 #0 - TERMO DE ÍNDICE--GÊNERO E FORMA |
| Gênero/forma/ou termo foco |
Ficção |
| 700 ## - ENTRADA ADICIONADA - NOME PESSOAL |
| Nome pessoal |
Barbara Sampaio Vieira Duarte |
| Função do autor por extenso |
TRADUTORA |
| 9 (RLIN) |
496 |
| 700 ## - ENTRADA ADICIONADA - NOME PESSOAL |
| Nome pessoal |
Mike Spoor |
| Função do autor por extenso |
Ilustrador |
| 9 (RLIN) |
497 |
| 830 ## - ENTRADA SECUNDÁRIA DE SÉRIE--TÍTULO UNIFORME |
| Título uniforme |
A Caverna dos Dinossauros |
| Número do volume ou designação sequencial da série |
Livro 4 |
| 9 (RLIN) |
498 |
| 942 ## - ELEMENTOS DE ENTRADA ADICIONADOS (KOHA) |
| Fonte de classificação ou esquema de arquivamento |
Classificação decimal de Dewey |
| Ocultar no OPAC |
Não |
| Tipo de material Koha |
Livros |